Mirzā Ṣāḥibān̲ / (Record no. 330861)
[ view plain ]
| 000 -LEADER | |
|---|---|
| fixed length control field | 00899cam a2200265 a 4500 |
| 001 - CONTROL NUMBER | |
| control field | 15429924 |
| 003 - CONTROL NUMBER IDENTIFIER | |
| control field | NUST |
| 005 - DATE AND TIME OF LATEST TRANSACTION | |
| control field | 20170817192509.0 |
| 008 - FIXED-LENGTH DATA ELEMENTS--GENERAL INFORMATION | |
| fixed length control field | 080827s1984 pk b 000 0 pano |
| 010 ## - LIBRARY OF CONGRESS CONTROL NUMBER | |
| LC control number | 2008326851 |
| 020 ## - INTERNATIONAL STANDARD BOOK NUMBER | |
| International Standard Book Number | 9693509099 |
| 040 ## - CATALOGING SOURCE | |
| Original cataloging agency | DLC |
| Transcribing agency | DLC |
| 041 0# - LANGUAGE CODE | |
| Language code of text/sound track or separate title | pan |
| -- | eng |
| 082 ## - DEWEY DECIMAL CLASSIFICATION NUMBER | |
| Classification number | 891.421 |
| Author Mark | BAR |
| 100 0# - MAIN ENTRY--PERSONAL NAME | |
| Personal name | Hāfiza Barak̲h̲uradāra, |
| Dates associated with a name | active 17th century. |
| 9 (RLIN) | 3958 |
| 245 10 - TITLE STATEMENT | |
| Title | Mirzā Ṣāḥibān̲ / |
| Statement of responsibility, etc. | Ḥāfiẓ Barkhvurdār. |
| 246 1# - VARYING FORM OF TITLE | |
| Display text | Title on t.p. verso, CIP data: |
| Title proper/short title | Mirza Sahiban |
| 246 15 - VARYING FORM OF TITLE | |
| Title proper/short title | Mirza and Sahiban of Pilu |
| 260 ## - PUBLICATION, DISTRIBUTION, ETC. | |
| Place of publication, distribution, etc. | Lāhore : |
| Name of publisher, distributor, etc. | Sang-i Mīl Pablīkeshanz, |
| Date of publication, distribution, etc. | 1998. |
| 300 ## - PHYSICAL DESCRIPTION | |
| Extent | 126 p. ; |
| Dimensions | 28 cm. |
| 504 ## - BIBLIOGRAPHY, ETC. NOTE | |
| Bibliography, etc. note | Includes bibliographical references. |
| 546 ## - LANGUAGE NOTE | |
| Language note | In Panjabi (Arabic script); some in English. |
| 650 ## - SUBJECT ADDED ENTRY--TOPICAL TERM | |
| Topical term or geographic name entry element | Punjabi literature |
| 9 (RLIN) | 992 |
| 880 ## - ALTERNATE GRAPHIC REPRESENTATION | |
| Linkage | 100-01\(3\r |
| Title | حافظ برخوردار |
| 880 ## - ALTERNATE GRAPHIC REPRESENTATION | |
| Linkage | 245-02\(3\r |
| Title | مرزا صاحباں |
| c | حافظ برخوردار، ترتیب و تعارف: فقیر احمد فقیر |
| 880 ## - ALTERNATE GRAPHIC REPRESENTATION | |
| Linkage | 260-03\(3\r |
| Title | لاہور: |
| b | سنگ میل پبلی کیشنز، |
| c | 2010 |
| 906 ## - LOCAL DATA ELEMENT F, LDF (RLIN) | |
| a | 7 |
| b | ibc |
| c | orignew |
| d | 4 |
| e | ncip |
| f | 19 |
| g | y-gencatlg |
| 942 ## - ADDED ENTRY ELEMENTS (KOHA) | |
| Source of classification or shelving scheme | |
| Koha item type | Book |
| Withdrawn status | Lost status | Source of classification or shelving scheme | Damaged status | Not for loan | Collection code | Permanent Location | Current Location | Shelving location | Date acquired | Total Checkouts | Full call number | Barcode | Date last seen | Date last checked out | Copy number | Price effective from | Koha item type |
|---|---|---|---|---|---|---|---|---|---|---|---|---|---|---|---|---|---|
| Central Library (CL) | Central Library (CL) | Fiction | 08/17/2017 | 1 | 891.421 BAR | CL2794 | 08/21/2023 | 06/18/2023 | 1 | 08/17/2017 | Book |
